000 00596nam a2200193Ia 4500
005 20250923145016.0
008 008 250917s9999 xx 000 0 eng d
037 _aTextual
040 _aDSWL
_beng
_cDSWL
041 _aeng
_2eng
084 _aY:7:7xM12., N50;2
_qDSWL
245 0 _aMemories and writings of Acharya Bal Gangadhar astri Jambhek Vol-II
_cEd.by G.G. Jambhekar
260 _aPoona
_bGane Gangadhar Janbhekar
_c1950
300 _a297 p.
365 _aINR
_b16.66
925 _g16.66
942 _cTEXL
_hY:7:7xM12., N50;2
999 _c1445995
_d1445995